| 000 | 00994nam a22003017a 4500 | ||
|---|---|---|---|
| 003 | CHAP | ||
| 005 | 20220329134602.0 | ||
| 008 | 971013s1971 r 00010 d | ||
| 010 | _a22567 | ||
| 011 | _a23539 | ||
| 035 | _a27635 | ||
| 040 | _cCHAP | ||
| 082 |
_a338.1 _bA8 |
||
| 111 | 0 | 0 |
_aAustralia. Bureau of Agricultural Economics. _98374 |
| 245 | _aRural industry in Australia | ||
| 260 |
_aCanberra : _bAustralian Government Publishing Service, _c1971 |
||
| 300 | _a95 p | ||
| 590 |
_aBATCH-UPD _b10 _c20130110 _lUCH01 _h2058 |
||
| 590 |
_aBATCH-UPD _b10 _c20130410 _lUCH01 _h1411 |
||
| 590 |
_aBATCH-UPD _b10 _c20130914 _lUCH01 _h1636 |
||
| 590 |
_aCONVERSION _b10 _c20130109 _lUCH01 _h1313 |
||
| 650 | 1 | 4 |
_aAustralia _xIndustrias agrÃcolas. _98366 |
| 650 | 1 | 4 |
_aIndustrias agrÃcolas. _957925 |
| 901 | _aBK | ||
| 942 | _cLIBRO | ||
| 949 |
_a338.1 A8 _bBC _cLIBRO _d33724000352886 _eLIBRO _fc.2 _h42893 _i27635 _mD _si |
||
| 949 |
_a338.1 A8 _bBC _cLIBRO _d33724000352894 _eLIBRO _h42892 _i27635 _mD _si |
||
| 999 |
_c22567 _d22567 |
||